Multifunctional diazotroph bioformulations are biocontrol agents against common bean pests / (رقم التسجيلة. 43896)
[ عرض عادي ]
| 000 -LEADER | |
|---|---|
| fixed length control field | 01898cam a2200349 a 4500 |
| 003 - CONTROL NUMBER IDENTIFIER | |
| control field | EG-GiCUC |
| 005 - DATE AND TIME OF LATEST TRANSACTION | |
| control field | 20250223030859.0 |
| 008 - FIXED-LENGTH DATA ELEMENTS--GENERAL INFORMATION | |
| fixed length control field | 131026s2013 ua dh f m 000 0 eng d |
| 040 ## - CATALOGING SOURCE | |
| Original cataloging agency | EG-GiCUC |
| Language of cataloging | eng |
| Transcribing agency | EG-GiCUC |
| 041 0# - LANGUAGE CODE | |
| Language code of text/sound track or separate title | eng |
| 049 ## - LOCAL HOLDINGS (OCLC) | |
| Holding library | Deposite |
| 097 ## - Thesis Degree | |
| Thesis Level | Ph.D |
| 099 ## - LOCAL FREE-TEXT CALL NUMBER (OCLC) | |
| Classification number | Cai01.07.06.Ph.D.2013.Ha.M |
| 100 0# - MAIN ENTRY--PERSONAL NAME | |
| Personal name | Haidi Mohamed Abdelmoez |
| 245 10 - TITLE STATEMENT | |
| Title | Multifunctional diazotroph bioformulations are biocontrol agents against common bean pests / |
| Statement of responsibility, etc. | Haidi Mohamed Abdelmoez ; Supervised Mohamed Fayez Fouad Ibrahim , Mona Hussein Sayed Badawi , Nagy Yassin Abdelghafar |
| 246 15 - VARYING FORM OF TITLE | |
| Title proper/short title | المستحضرات الحيوية لمثبتات الأزوت الجوى متعددة الوظائف كمواد للمكافحة الحيوية لآفات الفاصوليا |
| 260 ## - PUBLICATION, DISTRIBUTION, ETC. | |
| Place of publication, distribution, etc. | Cairo : |
| Name of publisher, distributor, etc. | Haidi Mohamed Abdelmoez , |
| Date of publication, distribution, etc. | 2013 |
| 300 ## - PHYSICAL DESCRIPTION | |
| Extent | 87 P. : |
| Other physical details | charts , facsimiles ; |
| Dimensions | 25cm |
| 502 ## - DISSERTATION NOTE | |
| Dissertation note | Thesis (Ph.D.) - Cairo University - Faculty of Agriculture - Department of Microbiology |
| 520 ## - SUMMARY, ETC. | |
| Summary, etc. | A series of laboratory, greenhouse and field experiments were done in the present work to support common bean growth via alleviating the lethal impact of Fusarium solani and Rhizoctonia solani responsible for root rot and damping off in the legume plant. Seven of biopreparates (bio-cure B, Bio,cure F, Bio-health WGP, Rhizo-N, Symbion-N, Symbion-NG and Symbion-NR) were tested, as natural foes, for their antibiosis towards the pathogenic fungal members |
| 530 ## - ADDITIONAL PHYSICAL FORM AVAILABLE NOTE | |
| Additional physical form available note | Issued also as CD |
| 653 #4 - INDEX TERM--UNCONTROLLED | |
| Uncontrolled term | Fusarium solani |
| 653 #4 - INDEX TERM--UNCONTROLLED | |
| Uncontrolled term | Phaseolus vulgaris |
| 653 #4 - INDEX TERM--UNCONTROLLED | |
| Uncontrolled term | Rhizoctonia solani |
| 700 0# - ADDED ENTRY--PERSONAL NAME | |
| Personal name | Mohamed Fayez Fouad Ibrahim , |
| Relator term | |
| 700 0# - ADDED ENTRY--PERSONAL NAME | |
| Personal name | Mona Hussein Sayed Badawi , |
| Relator term | |
| 700 0# - ADDED ENTRY--PERSONAL NAME | |
| Personal name | Nagy Yassin Abdelghafar , |
| Relator term | |
| 856 ## - ELECTRONIC LOCATION AND ACCESS | |
| Uniform Resource Identifier | <a href="http://172.23.153.220/th.pdf">http://172.23.153.220/th.pdf</a> |
| 905 ## - LOCAL DATA ELEMENT E, LDE (RLIN) | |
| Cataloger | Nazla |
| Reviser | Revisor |
| 905 ## - LOCAL DATA ELEMENT E, LDE (RLIN) | |
| Cataloger | Samia |
| Reviser | Cataloger |
| 942 ## - ADDED ENTRY ELEMENTS (KOHA) | |
| Source of classification or shelving scheme | Dewey Decimal Classification |
| Koha item type | Thesis |
| Source of classification or shelving scheme | Not for loan | Home library | Current library | Date acquired | Full call number | Barcode | Date last seen | Koha item type | Copy number |
|---|---|---|---|---|---|---|---|---|---|
| Dewey Decimal Classification | المكتبة المركزبة الجديدة - جامعة القاهرة | قاعة الرسائل الجامعية - الدور الاول | 11.02.2024 | Cai01.07.06.Ph.D.2013.Ha.M | 01010110061116000 | 22.09.2023 | Thesis | ||
| Dewey Decimal Classification | المكتبة المركزبة الجديدة - جامعة القاهرة | مخـــزن الرســائل الجـــامعية - البدروم | 11.02.2024 | Cai01.07.06.Ph.D.2013.Ha.M | 01020110061116000 | 22.09.2023 | CD - Rom | 61116.CD |